Principles of the properties of materials (Record no. 16965)

000 -LEADER
fixed length control field 00542nam a22001931 4500
001 - CONTROL NUMBER
control field 16965
003 - CONTROL NUMBER IDENTIFIER
control field BD-DhUET
008 - FIXED-LENGTH DATA ELEMENTS--GENERAL INFORMATION
fixed length control field 750926s1957 nyua 000 0 eng
040 ## - CATALOGING SOURCE
Original cataloging agency DLC
Transcribing agency DLC
Modifying agency BD-DhUET
082 ## - DEWEY DECIMAL CLASSIFICATION NUMBER
Classification number 620.11291
Item number FRA/1957
100 ## - MAIN ENTRY--PERSONAL NAME
Personal name Frankel, Jacob Porter
245 00 - TITLE STATEMENT
Title Principles of the properties of materials
250 ## - EDITION STATEMENT
Edition statement 1st ed.
260 ## - PUBLICATION, DISTRIBUTION, ETC. (IMPRINT)
Place of publication, distribution, etc. New York
Name of publisher, distributor, etc. McGraw-Hill
Date of publication, distribution, etc. 1957
300 ## - PHYSICAL DESCRIPTION
Extent xiv, 228 p.
Other physical details illus.
Dimensions 24 cm.
490 ## - SERIES STATEMENT
Series statement McGraw-Hill series in engineering sciences
650 #0 - SUBJECT ADDED ENTRY--TOPICAL TERM
Topical term or geographic name as entry element Engineering, Physics
942 ## - ADDED ENTRY ELEMENTS (KOHA)
Koha item type General Book
Holdings
Shelving location Not for loan Koha full call number Location (home branch) Piece designation (barcode) Koha date last seen Sublocation or collection (holding branch) Date acquired Copy number Lost status Source of classification or shelving scheme Withdrawn status Damaged status Koha item type Koha normalized classification for sorting Price effective from
Circulation section 530.62/FRA/1957Central Library, BUET1359652015-03-22Central Library, BUET2015-03-221    General Book530_620000000000000_FRA_19572015-03-22
Circulation section 620.11291/FRA/1957Central Library, BUET73942015-04-22Central Library, BUET2015-04-222    General Book620_112910000000000_FRA_19572015-04-22
Circulation section 620.11291/FRA/1957Central Library, BUET834772015-04-23Central Library, BUET2015-04-233    General Book620_112910000000000_FRA_19572015-04-23
Circulation section 620.11291/FRA/1957Central Library, BUET843602015-07-03Central Library, BUET2015-07-034    General Book620_112910000000000_FRA_19572015-07-03